| 000 | 00772nam a22002057a 4500 | ||
|---|---|---|---|
| 005 | 20240530110446.0 | ||
| 008 | 150428s2011 ua g 000 p ara d | ||
| 017 |
_a2011/15010 _bمصر . دار الكتب المصرية |
||
| 020 | _a9789774219578 | ||
| 040 | _aEG-CaGPL | ||
| 082 | 0 | 4 |
_221 _a811.09\ _bأ ط |
| 100 | 0 | _aاحمد عبدالمعطى حجازى. | |
| 245 | 1 | 0 |
_aطلل الوقت : _bشعر / _cاحمد عبدالمعطى حجازى. |
| 260 |
_aالقاهرة : _bالهيئة المصرية العامة للكتاب ، _c2011. |
||
| 300 |
_a135 ص ؛ _c28 سم. |
||
| 650 | 0 | 4 | _aالشعر العربى. |
| 650 | 0 | 4 |
_aالشعر العربى _xتاريخ _yالعصر الحديث. |
| 942 |
_2ddc _cBK |
||
| 999 |
_c61145 _d61145 |
||